| 000 | 00000nam 2200000za 4500 |
| 001 | 9.852438 |
| 003 | CaOODSP |
| 005 | 20221107154601 |
| 007 | cr ||||||||||| |
| 008 | 180227s1966 onc #o f000 0 eng d |
| 040 | |aCaOODSP|beng |
| 043 | |an-cn-qu |
| 086 | 1 |aR32-437/1966E-PDF |
| 245 | 00|aSurrender of Indian lands in the province of Québec since confederation |h[electronic resource] : |blisting. |
| 260 | |aOttawa : |bTreaties and Historical Research Centre, |c1966. |
| 300 | |a3 p. |
| 500 | |aTitle from cover. |
| 500 | |aDigitized edition from print [produced by Indigenous and Northern Affairs Canada]. |
| 520 | |a"List of surrenders of Indian lands in the province of Québec since confederation"--p. [1]. |
| 692 | 07|2gccst|aLand claims |
| 692 | 07|2gccst|aAboriginal lands |
| 692 | 07|2gccst|aCanadian history |
| 710 | 2 |aTreaties and Historical Research Centre (Canada) |
| 710 | 1 |aCanada. |bIndian and Northern Affairs Canada. |
| 856 | 40|qPDF|s603 KB|uhttps://publications.gc.ca/collections/collection_2018/aanc-inac/R32-437-1966-eng.pdf |